<?xml version="1.0" encoding="UTF-8"?>
<record
    xmlns:xsi="http://www.w3.org/2001/XMLSchema-instance"
    xsi:schemaLocation="http://www.loc.gov/MARC21/slim http://www.loc.gov/standards/marcxml/schema/MARC21slim.xsd"
    xmlns="http://www.loc.gov/MARC21/slim">

  <leader>00755nam a22002057a 4500</leader>
  <controlfield tag="005">20100813113328.0</controlfield>
  <datafield tag="010" ind1=" " ind2=" ">
    <subfield code="a">ENG-100113</subfield>
  </datafield>
  <datafield tag="020" ind1=" " ind2=" ">
    <subfield code="c">50.00</subfield>
  </datafield>
  <datafield tag="035" ind1=" " ind2=" ">
    <subfield code="a">EN-83645</subfield>
  </datafield>
  <datafield tag="037" ind1=" " ind2=" ">
    <subfield code="b">DBAD/PUB</subfield>
  </datafield>
  <datafield tag="082" ind1=" " ind2=" ">
    <subfield code="a">331.12042</subfield>
  </datafield>
  <datafield tag="245" ind1=" " ind2=" ">
    <subfield code="a">The national rural employment guarantee act, 2005 /</subfield>
  </datafield>
  <datafield tag="260" ind1=" " ind2=" ">
    <subfield code="a">Delhi</subfield>
    <subfield code="b">Universal Law Publishing</subfield>
    <subfield code="c">2009</subfield>
  </datafield>
  <datafield tag="270" ind1=" " ind2=" ">
    <subfield code="a">C-FF-1A, Dilkhush Indestrial Estate, (Opp. Hans Cinema azadpur) G. T. Karnal Road</subfield>
    <subfield code="b">Delhi</subfield>
    <subfield code="e">110033</subfield>
  </datafield>
  <datafield tag="300" ind1=" " ind2=" ">
    <subfield code="a">v, 38p.</subfield>
    <subfield code="c">24cm (pbk)</subfield>
  </datafield>
  <datafield tag="650" ind1=" " ind2=" ">
    <subfield code="a">Gurantee annual income</subfield>
    <subfield code="9">13000</subfield>
  </datafield>
  <datafield tag="650" ind1=" " ind2=" ">
    <subfield code="a">India</subfield>
  </datafield>
  <datafield tag="942" ind1=" " ind2=" ">
    <subfield code="2">ddc</subfield>
    <subfield code="c">EN</subfield>
    <subfield code="h">331.12042</subfield>
    <subfield code="m">NAT</subfield>
  </datafield>
  <datafield tag="999" ind1=" " ind2=" ">
    <subfield code="c">41525</subfield>
    <subfield code="d">41525</subfield>
  </datafield>
  <datafield tag="952" ind1=" " ind2=" ">
    <subfield code="0">0</subfield>
    <subfield code="1">0</subfield>
    <subfield code="4">0</subfield>
    <subfield code="7">1</subfield>
    <subfield code="8">NFIC</subfield>
    <subfield code="a">DBAD</subfield>
    <subfield code="b">DBAD</subfield>
    <subfield code="d">2010-08-13</subfield>
    <subfield code="e">DBAD/PUB</subfield>
    <subfield code="g">50.00</subfield>
    <subfield code="l">0</subfield>
    <subfield code="o">331.12042 THE</subfield>
    <subfield code="p">EN-83645</subfield>
    <subfield code="r">2010-08-13 00:00:00</subfield>
    <subfield code="t">1</subfield>
    <subfield code="v">50.00</subfield>
    <subfield code="w">2010-08-13</subfield>
    <subfield code="y">EN</subfield>
  </datafield>
</record>
